000 00655nam a2200277Ia 4500
005 20260324153520.0
008 008 260324s9999 xx 000 0 eng d
020 _a9780323960199
037 _aEBOOK
040 _aCRL
040 _beng
040 _cCRL
041 _2eng
041 _aeng
084 _qCRL
100 _aScott H Sicherer, MD
_91231600
245 0 _aEncyclopedia of Food Allergy
250 _a1
260 _bElsevier
260 _c2024
650 _aAgricultural
856 _uhttps://www.sciencedirect.com/science/referenceworks/9780323960199
942 _cEBOOK
999 _c1843198
_d1843198